Machine Learning in Geosciences (Record no. 1308395)

MARC details
000 -LEADER
fixed length control field 00661nam a2200205 4500
005 - DATE AND TIME OF LATEST TRANSACTION
control field 20250402144155.0
008 - FIXED-LENGTH DATA ELEMENTS--GENERAL INFORMATION
fixed length control field 250402b |||||||| |||| 00| 0 eng d
020 ## - INTERNATIONAL STANDARD BOOK NUMBER
International Standard Book Number 9798888360736
037 ## - SOURCE OF ACQUISITION
Terms of availability Textual
040 ## - CATALOGING SOURCE
Original cataloging agency RTL
Transcribing agency RTL
084 ## - COLON CLASSIFICATION NUMBER
Classification number D6,9(B) R3
Assigning agency RTL
245 ## - TITLE STATEMENT
Title Machine Learning in Geosciences
260 ## - PUBLICATION, DISTRIBUTION, ETC.
Place of publication, distribution, etc. New York
Name of publisher, distributor, etc. Larsen And Keller Education
Date of publication, distribution, etc. 2023
300 ## - PHYSICAL DESCRIPTION
Extent vii, 241p.
Other physical details Includes list of contributors and index
650 ## - SUBJECT ADDED ENTRY--TOPICAL TERM
Topical term or geographic name entry element Geology
650 ## - SUBJECT ADDED ENTRY--TOPICAL TERM
Topical term or geographic name entry element Earth sciences -- Data processing
9 (RLIN) 751746
650 ## - SUBJECT ADDED ENTRY--TOPICAL TERM
Topical term or geographic name entry element Geophysics -- Data processing
9 (RLIN) 751747
700 ## - ADDED ENTRY--PERSONAL NAME
Personal name Thomas, Larsen
Relator term Editor
9 (RLIN) 751748
942 ## - ADDED ENTRY ELEMENTS (KOHA)
Source of classification or shelving scheme Colon Classification (CC)
Suppress in OPAC No
Koha item type Textbook
Classification part D6,9(B) R3
Holdings
Withdrawn status Lost status Source of classification or shelving scheme Damaged status Not for loan Home library Current library Date acquired Total Checkouts Full call number Barcode Date last seen Price effective from Koha item type
    Colon Classification (CC)     Ratan Tata Library Ratan Tata Library 2025-04-02   D6,9(B) R3 RT1528365 2025-04-02 2025-04-02 Textbook
Copyright @ Delhi University Library System